00650nam a2200169Ia 4500008004100000040001800041041000800059245012400067260007700191300002300268500006100291650000900352650002500361650002200386651003800408700003400446130821s1975 sp gr spa  aCo-BoUCMbspa aspa aControl de calidad y tratamiento del agua manual de abastecimiento públicos de aguascTraducido por Federico de Lora aMadrid (España)bInstituto de Estudios de Administración Localc1975 axvi, 734 páginas aReferncias bibliográficas al final de cada capítulo.04aAgua04aAguaxPurificación04aHigiene pública aPurificación (Tolima, Colombia) aLora, Federico De; Traductor.